00569cam a2200181 i 45000010009000000050017000090080041000260200025000670400013000920820021001051000017001262450113001432500012002562600033002683000049003016500019003506500018003691920608120200831182049.0160804s2017 nyuab b 001 0 eng  a9781138188358 (pbk.) cPK-LaUMT00a711.4223bLAN-U1 aLang, Jon T.10aUrban design :ba typology of procedures and products : illustrated with over 50 case studies /cby Jon Lang a2nd ed. aNew York :bRoutledge,c2017 axvii, 236 p. :billustrations, maps ;c28 cm 0aCity planning. 0aCity planning